1880 1418 1368 1462 1112 1695 1626 1125 1765 1894 1743 1202 1002 1543 1052 1724 1507 1202 1330 1428 1566 1601 1043 1146 1074 1613 1837 1279 1715 1453 1304 1700 1319 1685 1567 1091 1236 1324 1419 1088 1511 1310 1516 1186 1411 1998 1816 1525 1599 1784 1323 1298 1568 1839 1093 1480 1628 1953 1379 1374 1778 1505 1067 1729 1240 1833 1388 1123 1754 1943 1890 1452 1212 1661 1543 1381 1406 1916 1916 1139 1157 1720 1102 1501 1806 1704 1866 1212 1560 1669 1908 1423 1935 1787 1983 1006 1899 1686 1569 BCNSPRNW ULIB Ver.6.0+V

เปลี่ยนเป็นภาษาไทย

Change to English
 แสดงรายละเอียดบรรณานุกรม
  กลับหน้าหลัก

Brief Record : Get Marc (ISO 2709) : E-mail record : QR code < ปิดหน้าต่าง
LEADER : 00000nam 2200000uu 4500
001    13399120132
003     ULIB
008    120905s2552||||th 000 0 tha d
020    ^a9786161100704
060  4 ^aWM172^bพ186ก 2552
100 0  ^aพจนา ปิยะกรณ์ชัย
245 10 ^aการตอบสนองของบุคคลต่อภาวะเครียด =^bHuman response to stress/^cพจนา ปิยะกรณ์ชัย
246 31 ^aHuman response to stress
260    ^aนนทบุรี :^bโครงการสวัสดิการวิชาการ สถาบันพระบรมราชชนก,^c2552
300    ^a40 หน้า ;^c21 ซม.
650  4 ^aความเครียด
650  4 ^aสุขภาพจิต
710 2  ^aสถาบันพระบรมราชชนก. ^bโครงการสวัสดิการวิชาการ
945    ^p100^l0^i19463
945    ^p100^l0^i19464
995    ^aวิภา
999 ^a ใช้งานได้ทุกระบบ
รายการนี้ยังไม่มีแท็ก
คุณยังไม่ได้ล็อกอิน คุณสามารถมีกิจกรรมร่วมกับเว็บไซต์ได้ แต่ต้องล็อกอินก่อน ::
  ล็อกอิน

รายการสื่อสารสนเทศ

ลำดับที่ ประเภท เลขเรียก/บาร์โค้ด สถานที่ สถานะ
- ไม่พบข้อมูล -

รายการใกล้เคียง
    ผู้แต่ง [พจนา ปิยะกรณ์ชัย]

    หัวเรื่อง [ความเครียด]
    หัวเรื่อง [สุขภาพจิต]

BibComment


ยังไม่เคยถูกคอมเมนท์

คอมเมนท์ทรัพยากรรายการนี้
  คอมเมนท์: การตอบสนองของบุค..


 Copyright 2026. Bcnsprnw @Library